Stock Audit & Receivables Audit in Banks (Record no. 596872)

MARC details
000 -LEADER
fixed length control field 00493nam a2200157 a 4500
008 - FIXED-LENGTH DATA ELEMENTS--GENERAL INFORMATION
fixed length control field 251110s2025##################000#0#eng##
020 ## - INTERNATIONAL STANDARD BOOK NUMBER
ISBN 8174968423
082 04 - DEWEY DECIMAL CLASSIFICATION NUMBER
Classification number 657.8333045
Item number GUP
100 ## - MAIN ENTRY--AUTHOR NAME
Personal name Gupta, D.P. ; Gupta, R.K
245 10 - TITLE STATEMENT
Title Stock Audit & Receivables Audit in Banks
Statement of responsibility, etc / D.P. Gupta and R.K. Gupta
250 ## - EDITION STATEMENT
Edition statement 1st ed.
260 ## - PUBLICATION, DISTRIBUTION, ETC. (IMPRINT)
Place of publication New Delhi
Name of publisher Taxmann Allied Services Private Ltd.
Year of publication 2006
300 ## - PHYSICAL DESCRIPTION
Number of Pages (various pages)
Other physical details : ill.
Dimensions ; 24 cm.
942 ## - ADDED ENTRY ELEMENTS (KOHA)
Koha item type Reference
Holdings
Withdrawn status Lost status Damaged status Not for loan Home library Current library Shelving location Date acquired Full call number Accession Number Price effective from Koha item type
        Anna Centenary Library Anna Centenary Library 6TH FLOOR, A WING 05.08.2010 657.8333045 GUP 93416 10.11.2025 Reference

Find us on the map